Charkari bitta (Record no. 8375)

MARC details
000 -LEADER
fixed length control field 00411cam a2200181ua 4500
008 - FIXED-LENGTH DATA ELEMENTS--GENERAL INFORMATION
fixed length control field 150302n ii |||gr||||Z||||||asm
040 ## - CATALOGING SOURCE
Transcribing agency MAIN
041 ## - LANGUAGE CODE
-- asm
082 ## - DEWEY DECIMAL CLASSIFICATION NUMBER
Classification number 336
100 ## - MAIN ENTRY--PERSONAL NAME
Personal name Goswami, N.,
Relator term
245 1# - TITLE STATEMENT
Title Charkari bitta
Statement of responsibility, etc. By Nanigopal Goswami
250 ## - EDITION STATEMENT
Edition statement 4th rev.
260 ## - PUBLICATION, DISTRIBUTION, ETC.
Place of publication, distribution, etc. Guwahati:
Name of publisher, distributor, etc. Jyoti,
Date of publication, distribution, etc. 2004.
300 ## - PHYSICAL DESCRIPTION
Extent 672p.
942 ## - ADDED ENTRY ELEMENTS (KOHA)
Koha item type Books
653 ## - INDEX TERM--UNCONTROLLED
Uncontrolled term Public finance
Holdings
Withdrawn status Lost status Damaged status Not for loan Home library Current library Shelving location Date acquired Total Checkouts Full call number Barcode Date last seen Date last checked out Copy number Price effective from Koha item type
        Naharkatiya College Library Naharkatiya College Library General Stacks 19/09/2020 5 336 | GOS 20717 07/04/2026 25/02/2026 1 19/09/2020 Books

Naharkatiya College © 2020. All rights reserved.

Powered By